000 00882nam a2200253 a 4500
999 _c2118
_d2118
008 200213s2018 ii ad||| m|||a00| 0 eng d
040 _aKO
_beng
041 0 _aeng
044 _aii
082 0 4 _223
_a378.242
_bPRM1631
100 1 _aVikraman, Veena
_eResearcher
245 1 0 _aExport Analysis Of Coir and Coir Products From Kerala State Coir Corporation Ltd.Alappuzha, Kerala /
_cVeena Vikraman ; Guide Dr. M. Sekar
260 _aKochi :
_bIndian Maritime University,
_c2018
300 _a63 p. :
_bill., charts ;
_c29 cm.
490 0 _aMBA Project 2016-18 ;
_v1605305031
502 _aProject (MBA)–Indian Maritime University. School of Maritime Management, 2018.
650 0 _aExport processing zones
650 0 _aCoir industry
655 7 _2lcsh
_aDissertations, Academic
_y2018
700 1 _aSekar, M.
_cDr.
_eGuide
904 _aReshma_R
942 _cTH